El Arco y la Lira. El Poema. La revelación poética. Poesía e Historia

Saved in:
Bibliografiske detaljer
Hovedforfatter: Paz, Octavio (autor)
Format: Ukendt
Sprog:engelsk
Udgivet: Ciudad de México, México: Fondo de Cultura Económica, 1972
Udgivelse:Tercera edición
Serier:Sección de Obras de Lengua y Estudios Literarios. Colección Lengua y estudios literarios.
Fag:
Tags: Tilføj Tag
Ingen Tags, Vær først til at tagge denne postø!

MARC

LEADER 00000 a2200000 4500
003 CL-VaPUC
005 20250321101925.0
008 220524b1972 ||||| |||| 00| 0 eng d
999 |c 446651  |d 446649 
020 |a 978-968-16-0782-1 
040 |c Pontificia Universidad Católica de Valparaíso 
082 0 4 |a 808.001 PAZ 1972  |2 22 
100 |a Paz, Octavio  |e autor  |9 321638 
245 |a El Arco y la Lira.  |b El Poema. La revelación poética. Poesía e Historia 
250 |a Tercera edición 
260 |a Ciudad de México, México:  |b Fondo de Cultura Económica,  |c 1972 
300 |a 305 páginas 
490 |a Sección de Obras de Lengua y Estudios Literarios.  |a Colección Lengua y estudios literarios. 
500 |a c.1-2: Instituto Arcos. 08-01-2025 
583 |k Yessy Sthefany Diaz Vidal  |c 20220524 
650 0 |a Poesía   |9 265825  |v Crítica e interpretación  |z México 
650 0 |a Creación poética  |9 621543  |x Aspectos literarios y religiosos 
942 |2 ddc  |c BK  |n 0 
952 |0 0  |1 0  |2 ddc  |4 0  |6 808_001000000000000_PAZ_1972  |7 0  |8 A  |9 599536  |a BIBINC  |b BIBINC  |d 2025-01-20  |e Instituto Arcos  |i 5664484  |o 808.001 PAZ 1972  |p 5664484  |r 2025-01-20  |t 1  |w 2025-01-20  |y BK  |k IFP 
952 |0 0  |1 0  |2 ddc  |4 0  |6 808_001000000000000_PAZ_1972  |7 0  |8 A  |9 599537  |a BIBINC  |b BIBINC  |d 2025-01-20  |e Instituto Arcos  |i 5664485  |o 808.001 PAZ 1972  |p 5664485  |r 2025-01-20  |t 2  |w 2025-01-20  |y BK  |k IFP